Nursing Foundation : (Record no. 187752)

MARC details
000 -LEADER
fixed length control field 00661nam a22001817a 4500
005 - DATE AND TIME OF LATEST TRANSACTION
control field 20220428144203.0
010 ## - LCCN (DPL NO)
LC control number ENG-132450
020 ## - INTERNATIONAL STANDARD BOOK NUMBER
International Standard Book Number 9789385616013
Terms of availability 999.00
035 ## - SYSTEM CONTROL NUMBER
System control number EN-115982
037 ## - SOURCE OF ACQUISITION
Source of stock number/acquisition DBAD/PUB
082 ## - DEWEY DECIMAL CLASSIFICATION NUMBER
Classification number 610.73
100 ## - MAIN ENTRY--PERSONAL NAME
Personal name Prathibha, P.M.
245 ## - TITLE STATEMENT
Title Nursing Foundation :
Remainder of title For GNM First Year/
Statement of responsibility, etc P.M. Prathiba
260 ## - PUBLICATION, DISTRIBUTION, ETC. (IMPRINT)
Place of publication, distribution, etc Vijayawada
Name of publisher, distributor, etc Vijayam Publications
Date of publication, distribution, etc 2022
270 ## - ADDRESS
Address 28-2-28, Ramamandiram St., Governerpet, Eluru Road, Andhra Pradesh,
City Vijayawada
Postal code 517502
Telephone number 0866-2432445, 888541400, 8885414666
Fax number 2432445/6
Electronic mail address vijayampublicationsvja@gmail.com
300 ## - PHYSICAL DESCRIPTION
Extent Vp.
Dimensions 24cm(pbk)
942 ## - ADDED ENTRY ELEMENTS (KOHA)
Source of classification or shelving scheme Dewey Decimal Classification
Item type English Books
Classification part 610.73
Call number suffix PRA
Holdings
Withdrawn status Lost status Not for loan Collection code Home library Current library Date acquired Source of acquisition Cost, normal purchase price Full call number Barcode Copy number Cost, replacement price Koha item type
      Non-fiction Patel Nagar Patel Nagar 28/04/2022 DBAD/PUB 999.00 610.73 PRA EN-115982 1 999.00 English Books

© Delhi Public Library
Hit Counter
free hit counter